New aspects of nuclear dynamics /

Bibliographic Details
Corporate Authors: NATO Advanced Study Institute on New Aspects of Nuclear Dynamics Dronten, Netherlands, North Atlantic Treaty Organization. Scientific Affairs Division
Other Authors: Koch, J. H., Witt Huberts, P. K. A. de
Format: Conference Proceeding Book
Language:English
Published: New York : Plenum Press, [1989]
Series:NATO ASI series. Physics ; v. 209.
Subjects:

MARC

Tag First Indicator Second Indicator Subfields
LEADER 00000cam a22000008a 4500
001 in00000899430
005 20150923191028.0
008 891013s1989 nyua b 10110 eng
010 |a  89025521  
020 |a 0306433923 
035 |a (OCoLC)20562359 
035 |9 AEM9628AM 
040 |a DLC  |c DLC  |d TXA  |d UtOrBLW 
049 |a TXAM  |c [A13141618] 
050 0 0 |a QC793.9  |b .N38 1988 
082 0 |a 539.7/5  |2 20 
111 2 |a NATO Advanced Study Institute on New Aspects of Nuclear Dynamics  |d (1988 :  |c Dronten, Netherlands) 
245 1 0 |a New aspects of nuclear dynamics /  |c edited by J.H. Koch and P.K.A. de Witt Huberts. 
264 1 |a New York :  |b Plenum Press,  |c [1989] 
264 4 |c ©1989 
300 |a ix, 228 pages :  |b illustrations 
336 |a text  |b txt  |2 rdacontent 
337 |a unmediated  |b n  |2 rdamedia 
338 |a volume  |b nc  |2 rdacarrier 
490 1 |a NATO ASI series. Series B, Physics ;  |v vol. 209 
500 |a "Proceedings of a NATO Advanced Study Institute on New Aspects of Nuclear Dynamics, held August 8-21, 1988, in Dronten, The Netherlands"--Title page verso. 
500 |a "Published in cooperation with NATO Scientific Affairs Division." 
504 |a Includes bibliographical references and index. 
650 0 |a Nuclear reactions  |v Congresses. 
650 0 |a Nuclear matter  |x Congresses. 
700 1 |a Koch, J. H. 
700 1 |a Witt Huberts, P. K. A. de. 
710 2 |a North Atlantic Treaty Organization.  |b Scientific Affairs Division. 
740 0 |a Nuclear dynamics. 
830 0 |a NATO ASI series.  |n Series B,  |p Physics ;  |v v. 209. 
999 |a MARS 
999 f f |s 4216b934-6d3e-32e8-9d77-5acf37af6a5a  |i 0a6a59ec-a7db-3733-b43a-03476ed3a021  |t 0 
952 f f |p ric  |a Texas A&M University  |b Rellis Campus  |c Joint Library Facility  |d Remote Storage  |t 0  |e QC793.9 .N38 1988  |h Library of Congress classification  |i unmediated -- volume  |m A14813141618 
998 f f |a QC793.9 .N38 1988  |t 0  |l Remote Storage